000
00316nam a22001457a 4500
008
210526b ||||| |||| 00| 0 eng d
020
_a
9780323242547
041
_a
eng
080
_2
2nd
_a
61
082
_a
61
100
_a
3
101
_a
SHM
245
_a
Medical Assistant
_c
Betsy J. Shiland
942
_2
udc
_c
BK
999
_c
57611
_d
57611